|
|
|
|
| LEADER |
00000nas a2200000 a 4500 |
| 001 |
ssj0000399072 |
| 003 |
WaSeSS |
| 005 |
20200512172242.0 |
| 006 |
m d |
| 007 |
cr n |
| 008 |
061120c20069999fr ar ss s i0 0eng c |
| 010 |
|
|
|a 2008233568
|
| 022 |
|
|
|y 1995-3968
|
| 035 |
|
|
|a (WaSeSS)ssj0000399072
|
| 040 |
|
|
|a HUA
|b eng
|c HUA
|d MUQ
|d CUI
|d GUA
|d OCLCQ
|d OCLCE
|d OCLCQ
|d OCLCF
|d OCLCO
|d OCLCQ
|d OCLCA
|d NTG
|d CEF
|d WaSeSS
|
| 042 |
|
|
|a pcc
|
| 043 |
|
|
|a e------
|a n------
|a u-at---
|
| 050 |
1 |
4 |
|a JV6001.A1
|
| 082 |
0 |
4 |
|a 325
|b I61 M
|
| 130 |
0 |
|
|a International migration outlook (Online)
|
| 245 |
1 |
0 |
|a International migration outlook
|h [electronic resource] :
|b annual report.
|
| 246 |
1 |
3 |
|a SOPEMI
|
| 260 |
|
|
|a Paris :
|b Organisation for Economic Co-operation and Development,
|c 2006-
|
| 310 |
|
|
|a Annual
|
| 362 |
0 |
|
|a 2006 ed.-
|
| 500 |
|
|
|a Title from pdf image of title page (Publisher's Web site, viewed Mar. 14, 2008).
|
| 506 |
|
|
|a License restrictions may limit access.
|
| 538 |
|
|
|a Mode of access: World Wide Web.
|
| 588 |
|
|
|a Latest issue consulted: 2007 ed. (viewed Mar. 14, 2008).
|
| 650 |
|
0 |
|a Emigration and immigration
|v Statistics
|v Periodicals.
|
| 650 |
|
0 |
|a Foreign workers
|z OECD countries
|v Statistics
|v Periodicals.
|
| 650 |
|
6 |
|a Émigration et immigration
|v Statistiques
|v Périodiques.
|
| 650 |
|
6 |
|a Travailleurs étrangers
|z Pays de l'Organisation de coopération et de développement économiques
|v Statistiques
|v Périodiques.
|
| 650 |
|
7 |
|a Emigration and immigration.
|2 fast
|0 (OCoLC)fst00908690
|
| 650 |
|
7 |
|a Foreign workers.
|2 fast
|0 (OCoLC)fst01729099
|
| 650 |
|
7 |
|a Annuaires.
|2 eclas
|
| 650 |
|
7 |
|a Migration internationale.
|2 eclas
|
| 650 |
|
7 |
|a Statistiques démographiques.
|2 eclas
|
| 650 |
|
7 |
|a Organisation de coopération et de développement économiques.
|2 eclas
|
| 651 |
|
0 |
|a OECD countries
|x Emigration and immigration
|v Statistics
|v Periodicals.
|
| 651 |
|
6 |
|a Pays de l'Organisation de coopération et de développement économiques
|x Émigration et immigration
|v Statistiques
|v Périodiques.
|
| 651 |
|
7 |
|a OECD countries.
|2 fast
|0 (OCoLC)fst01277092
|
| 655 |
|
0 |
|a Electronic journals.
|
| 710 |
2 |
|
|a Organisation for Economic Co-operation and Development.
|
| 776 |
0 |
8 |
|i Print version:
|t International migration outlook
|w (DLC) 2006267638
|w (OCoLC)70205187
|
| 780 |
0 |
0 |
|t Trends in international migration (Online)
|w (OCoLC)61510929
|
| 856 |
4 |
0 |
|z Full text available from Research Library: 01/01/2012 to 6 months ago
|u https://search.proquest.com/publication/2026440
|